[Event "BCF-chT4 2223 (4NCL)"]
[Site "England"]
[Date "2022.11.05"]
[Round "1.125"]
[White "Acharya, Kandara"]
[Black "Lee, Xander"]
[Result "1-0"]
[WhiteElo "1558"]
[BlackElo "1439"]
[PlyCount "73"]
[EventDate "2022.11.05"]
[EventType "team-swiss"]
[EventRounds "11"]
[EventCountry "ENG"]
[SourceTitle "EXT 2024"]
[Source "ChessBase"]
[SourceDate "2023.10.10"]
[SourceVersion "1"]
[SourceVersionDate "2023.10.10"]
[SourceQuality "1"]
[WhiteTeam "She Plays To Win Lionesses"]
[BlackTeam "Barnet Knights IV"]
[WhiteTeamCountry "ENG"]
[BlackTeamCountry "ENG"]

1. c4 e5 2. g3 Nf6 3. Bg2 Nc6 4. Nc3 Bc5 5. Nf3 d6 6. 0-0 Be6 7. d3 Qd7 8. Ng5 Bf5 9. a3 h6 10. Nge4 Nxe4 11. Nxe4 Bb6 12. b4 Bd4 13. Rb1 a6 14. Bb2 Bxb2 15. Rxb2 0-0 16. Nc3 Bh3 17. e3 Bxg2 18. Kxg2 Ne7 19. Qf3 b5 20. Rd1 bxc4 21. dxc4 Qe6 22. Nd5 Rac8 23. Nxe7+ Qxe7 24. Qc6 Qf6 25. Rbd2 Rfd8 26. c5 Qe7 27. e4 dxc5 28. Rd7 Rxd7 29. Rxd7 Qe8 30. bxc5 Kh7 31. Qd5 f6 32. c6 Qf8 33. Qa5 h5 34. Rxc7 Rxc7 35. Qxc7 Qxa3 36. Qb7 Qa4 37. c7 1-0